000 01089cam a2200361 4500
001 WB3611-26
008 000000n2000 000 0 eng u
035 _a(Sirsi) u104850
245 _aSurfing the web is the key to househunting
260 _c2000
490 _aDaily Telegraph
_v 11 March 2000, B16 & 17
490 _aGuardian
_v (Money) 11 March 2000, 20
490 _aTimes Weekend
_v 11 March 2000, 14(4)
520 _aA series of articles reviewing web sites which advertise residential property for sale and offering advise on how to use these services.
590 _aWB
650 _aHOUSEHUNTING
650 _aESTATE AGENTS
650 _aWEB SITES
650 _aEASIER
650 _aWINKWORTH
650 _aNETLETTINGS
650 _aNATIONAL ASSOCIATION OF ESTATE AGENTS
650 _aPROPERTYFINDER
650 _aPROPERTYLIVE
650 _aLOCALHOMES
650 _aLOOT
650 _aUK PROPERTY SALES
650 _aFISH4HOMES
650 _aHOME DIRECTORY
650 _aHOMEFREEHOME
690 _aINFORMATION TECHNOLOGY-INTERNET
942 _n0
999 _c62902
_d62902